Statistics for Members of Dreamcatcher

Click here to take the quiz!

General Stats

  • This quiz has been taken 200 times
  • The average score is 6 of 7

Answer Stats

Answer% Correct
Dami
94%
SuA
94%
JiU
91%
gahyeon
90%
siyeon
86%
yoohyeon
83%
handong
80%

Score Distribution

Percentile by Number Answered

Percent of People with Each Score

Your Score History

You have not taken this quiz